Medio Ambiente. 1, Proteccin̤ ambiental

Detalles Bibliográficos
Autor principal: Martn̕ez, Mara̕ Paulina
Otros Autores: Garca̕ Rey, Mara̕ Cristina
Formato: Desconocido
Lenguaje:inglés
Publicado: Buenos Aires : Ciudad Argentina, 2008
Materias:
Acceso en línea:Acceso restringido

MARC

LEADER 00000ny a22000003n 4500
005 20110621113549.0
008 091214s2008 ag 000 0 eng d
020 |a 9789875073296 
035 |a 2547 
040 |a BUS  |d vLex 
090 |c 921  |d 921 
100 1 |a Martn̕ez, Mara̕ Paulina 
245 1 0 |a Medio Ambiente.  |n  1,  |p Proteccin̤ ambiental   |h [Recurso electrn̤ico]  |c Mara̕ Paulina Martn̕ez, Mara̕ Cristina Garca̕ Rey  
256 |a Servicio en ln̕ea 
260 |a Buenos Aires :  |b Ciudad Argentina,  |c 2008 
300 |a v. ;  |c cm 
506 1 |a Contenido solo disponible en los productos indicados  |d vLex Global  |d vLex Global (Academic Edition, excluding Law Schools)  |d vLex Global (U.S. Academic Edition, Law Schools)  |d vLex Global (U.S. Academic Edition, excluding Law Schools)  |d vLex Global (Academic Edition, Law Schools) 
650 0 4 |a Medio Ambiente  |x Proteccin̤ 
700 1 |a Garca̕ Rey, Mara̕ Cristina 
740 0 |a vLex Libros (Servicios en ln̕ea) 
856 4 0 |u http://vlex.com/source/2547  |z Acceso restringido 
942 |c BOOK